00912nam a2200229 a 450000100100000000500170001000800410002702000150006804000250008308200190010824501540012726000400028130000210032150400310034259000270037365000360040065000400043670000290047691000370050595201230054299900170066500002188520200930011505.0100914s1999 cu 000 p spa d a9591004699 aDO-SdBNPbspacBNPHU aCu861.4bP153i04aLas palabras son islas :bpanorama de la poesía cubana siglo XX (1900-1989 /cSelección, introducción, notas y bibliografía Jorge Luis Arcos. aLa Habana :bLetras Cubanas,c1999. a645 p. ;c24 cm. aBibliografía: p. 595-628 aInventariado, 2019/MFF 4aPoesía cubanaySIGLO XX99139 4aLiteratura cubanay1900-19989454291 aArcos, Jorge Luis924272 aValidado. Control de calidad MFF 001054708MOaGRbGRcHDd2010-09-14iLF1l0oCu861.4 P153ip21885-10r2020-06-25w2020-06-25y4ZPréstamo en sala c21383d21383